Enciclopédia Combi Visual (Registo nº 557)

Detalhes MARC
000 -Etiqueta do registo
Cabeçalho 00613nam0a22002651 4500
005 - Identificador da versão
Campo de controlo 20240813121806.0
010 ## - Número internacional normalizado dos livros (ISBN)
Número (ISBN) 8485797183
021 ## - Número do Depósito Legal
Código do país PT
Número B-12739/89
035 ## - Other System Control Numbers
System Control Number 0000579
System Control Number 0000576
System Control Number 0000576
System Control Number 0000566
100 ## - Dados gerais de processamento
Dados gerais de processamento 20050510d a e0pory5003 ba
102 ## - Pais de publicação ou produção
País de publicação Portugal
101 1# - Língua de publicação
Língua do texto, banda sonora, etc. Português
Língua do documento no original Espanhol
106 ## - Campo de dados codificados: material textual
Dados codificados do material textual r
105 ## - Campo de dados codificados: livros
Dados codificados dos livros y z 001yy
215 ## - Descrição física 
Indicação específica da natureza do documento e extensão da espécie p.
Dimensões cm
200 1# - Titulo e menção de responsabilidade
Título próprio Enciclopédia Combi Visual
Primeira menção de responsabilidade Sven Lidman ( direcção )
210 ## - Publicação, Distribuição, etc. 
Lugar da edição, distribuição, etc. Barcelona
Nome do editor, distribuidor, etc. Editorial Baber
Data da publicação, distribuição, etc. 1989
942 ## - Elementos de entrada adicionados (Koha)
Tipo de item no Koha Livro
Exemplares
Situação do levantamento Origin of item (home branch) (coded) Biblioteca de empréstimo Código de barras Cota Circulation type (not for loan) Tipo de documento Nota do exemplar Damaged status
  Biblioteca Escolar Eng. Nuno Mergulhão Biblioteca Escolar Eng. Nuno Mergulhão BENM238 0ENC LID   Cativo Sem mensagem  
  Biblioteca Escolar Eng. Nuno Mergulhão Biblioteca Escolar Eng. Nuno Mergulhão BENM239 0ENC LID   Cativo Sem mensagem  
  Biblioteca Escolar Eng. Nuno Mergulhão Biblioteca Escolar Eng. Nuno Mergulhão BENM240 0ENC LID   Cativo Sem mensagem  
  Biblioteca Escolar Eng. Nuno Mergulhão Biblioteca Escolar Eng. Nuno Mergulhão BENM241 0ENC LID   Cativo Sem mensagem  
  Biblioteca Escolar Eng. Nuno Mergulhão Biblioteca Escolar Eng. Nuno Mergulhão BENM242 0ENC LID   Cativo Sem mensagem  
  Biblioteca Escolar Eng. Nuno Mergulhão Biblioteca Escolar Eng. Nuno Mergulhão BENM243 0ENC LID   Cativo Sem mensagem  
  Biblioteca Escolar Eng. Nuno Mergulhão Biblioteca Escolar Eng. Nuno Mergulhão BENM244 0ENC LID   Cativo Sem mensagem  
  Biblioteca Escolar Eng. Nuno Mergulhão Biblioteca Escolar Eng. Nuno Mergulhão BENM245 0ENC LID   Cativo Sem mensagem  
  Biblioteca Escolar Eng. Nuno Mergulhão Biblioteca Escolar Eng. Nuno Mergulhão BENM246 0ENC LID   Cativo Sem mensagem  
  Biblioteca Escolar Eng. Nuno Mergulhão Biblioteca Escolar Eng. Nuno Mergulhão BENM247 0ENC LID   Cativo Sem mensagem